[Event "XII Open A"]
[Site "Verona ITA"]
[Date "2006.01.03"]
[Round "3"]
[White "Facchetti, Gianni"]
[Black "Gourlay, Iain"]
[Result "1/2-1/2"]
[WhiteElo "2131"]
[BlackElo "2363"]
[PlyCount "86"]
[EventDate "2006.01.02"]

1.e4 c5 2.Nf3 e6 3.c3 Nf6 4.e5 Nd5 5.Bc4 d6 6.O-O Nb6 7.Bb3 c4 8.Bc2 Nc6 
9.exd6 Qxd6 10.d4 cxd3 11.Bxd3 Be7 12.Na3 a6 13.Qe2 O-O 14.Be3 Nd5 15.Rad1
Qc7 16.Nc2 Nxe3 17.Nxe3 b5 18.Bb1 g6 19.Ng4 Bb7 20.Ne3 Rfd8 21.Rxd8+ Rxd8 
22.Rd1 Qf4 23.g3 Qc7 24.Rxd8+ Nxd8 25.Nd2 f5 26.Kf1 Qc6 27.Ke1 Nf7 28.f4 
Bf6 29.a3 e5 30.Ba2 exf4 31.gxf4 Bh4+ 32.Kd1 Qd6 33.Nxf5 gxf5 34.Bxf7+ Kg7
35.Qe8 Qxf4 36.Qg8+ Kf6 37.Qxh7 Bg5 38.Qg6+ Ke7 39.Qe6+ Kf8 40.Qe8+ Kg7 
41.Qg8+ Kf6 42.Qg6+ Ke7 43.Qe6+ Kf8 1/2-1/2

[Event "XII Open A"]
[Site "Verona ITA"]
[Date "2006.01.03"]
[Round "3"]
[White "Kafka, Graeme"]
[Black "Gallo, Enrico"]
[Result "1-0"]
[WhiteElo "2135"]
[BlackElo "2103"]
[PlyCount "39"]
[EventDate "2006.01.02"]

1.e4 c5 2.Nf3 d6 3.d4 cxd4 4.Nxd4 Nf6 5.Nc3 g6 6.Be3 Bg7 7.f3 Nc6 8.Qd2 
O-O 9.O-O-O Nxd4 10.Bxd4 Be6 11.Kb1 a6 12.h4 h5 13.Be2 b5 14.g4 Qa5 15.Nd5
Qxd2 16.Nxe7+ Kh7 17.Rxd2 hxg4 18.h5 gxh5 19.Bd3 Kh8 20.Rdh2 1-0

[Event "XII Open A"]
[Site "Verona ITA"]
[Date "2006.01.03"]
[Round "3"]
[White "Luciani, Valerio"]
[Black "Bertani, Gianfranco"]
[Result "1-0"]
[WhiteElo "2249"]
[BlackElo "2116"]
[PlyCount "77"]
[EventDate "2006.01.02"]

1.d4 f5 2.g3 Nf6 3.Bg2 d5 4.Nf3 e6 5.c4 c6 6.O-O Be7 7.b3 Ne4 8.Ne5 O-O 9.
Bb2 Nd7 10.Nd3 Ndf6 11.f3 Nd6 12.Nd2 Bd7 13.Qc2 Qe8 14.Rfe1 Qh5 15.Ne5 
Rad8 16.Ba3 g5 17.cxd5 exd5 18.Bxd6 Bxd6 19.Nxd7 Nxd7 20.e4 fxe4 21.fxe4 
Bb4 22.exd5 Nf6 23.Bf3 g4 24.Bg2 Nxd5 25.Re5 Qh6 26.Nf1 Kh8 27.Qe2 Nf6 28.
Rd1 Bc3 29.Qc4 Ba5 30.Rxa5 Nd7 31.Qc1 Qf6 32.Rg5 Qf2+ 33.Kh1 Qxa2 34.Qb1 
Qe2 35.Rh5 Nf6 36.Re5 Qf2 37.Rd2 Ne4 38.Qxe4 Qf7 39.Re7 1-0

[Event "XII Open A"]
[Site "Verona ITA"]
[Date "2006.01.03"]
[Round "3"]
[White "Miatello, Alberto"]
[Black "Lettieri, Giuseppe"]
[Result "0-1"]
[WhiteElo "2077"]
[BlackElo "2260"]
[PlyCount "96"]
[EventDate "2006.01.02"]

1.e4 c5 2.Nf3 Nc6 3.d4 cxd4 4.Nxd4 Nf6 5.Nc3 g6 6.Be3 Bg7 7.Bc4 O-O 8.Bb3 
d6 9.h3 Bd7 10.O-O Rc8 11.f4 a6 12.Nf3 Qc7 13.Qe1 b5 14.a3 e6 15.Qh4 Na5 
16.e5 Ne8 17.Ng5 h6 18.Nge4 f5 19.exf6 Nxf6 20.Nxf6+ Rxf6 21.Ne4 Rf7 22.f5
gxf5 23.Bxh6 Nxb3 24.Bxg7 Rxg7 25.Nf6+ Kf7 26.Nh5 Qd8 27.Qxd8 Rxd8 28.cxb3
Rg5 29.Nf4 Rdg8 30.Rf2 e5 31.Nd5 Bc6 32.Rd1 Bxd5 33.Rxd5 Ke6 34.Rd3 Rg3 
35.Rfd2 Rxd3 36.Rxd3 d5 37.Rc3 d4 38.Rc6+ Kd5 39.Rxa6 d3 40.Ra7 Ke4 41.Kf2
Rc8 42.Rd7 Rc2+ 43.Kf1 Ke3 44.g4 d2 45.gxf5 Rc1+ 46.Kg2 d1=Q 47.Rxd1 Rxd1 
48.Kg3 e4 0-1

[Event "XII Open A"]
[Site "Verona ITA"]
[Date "2006.01.03"]
[Round "3"]
[White "Naumkin, Igor"]
[Black "Dvirnyy, Danyyil"]
[Result "1-0"]
[WhiteElo "2456"]
[BlackElo "2265"]
[PlyCount "81"]
[EventDate "2006.01.02"]

1.d4 Nf6 2.c4 g6 3.Nc3 Bg7 4.e4 d6 5.Nf3 O-O 6.Be2 c5 7.d5 Na6 8.O-O Nc7 
9.h3 b5 10.cxb5 a6 11.bxa6 Bxa6 12.Bf4 Qb8 13.Rb1 Nd7 14.Re1 Qb6 15.Bxa6 
Rxa6 16.e5 Nb5 17.e6 fxe6 18.dxe6 Nf6 19.Nxb5 Qxb5 20.a3 Ra4 21.Bg5 h6 22.
Bd2 Ne4 23.Qc2 Nxd2 24.Nxd2 Raf4 25.f3 Bd4+ 26.Kh1 Kg7 27.b4 Ra8 28.Ne4 c4
29.Rbc1 Be5 30.Qxc4 Qxc4 31.Rxc4 d5 32.Rc5 dxe4 33.Rxe5 exf3 34.R5e3 fxg2+
35.Kxg2 Raf8 36.R1e2 R8f5 37.Rb2 Rg5+ 38.Rg3 Re5 39.Rf3 Rxf3 40.Kxf3 g5 
41.b5 1-0

[Event "XII Open A"]
[Site "Verona ITA"]
[Date "2006.01.03"]
[Round "3"]
[White "Popa, Florin"]
[Black "Fuggetta, Leonardo"]
[Result "1-0"]
[WhiteElo "2206"]
[BlackElo "2069"]
[PlyCount "83"]
[EventDate "2006.01.02"]

1.e4 c5 2.c3 d6 3.d4 Nf6 4.f3 Nbd7 5.Be3 g6 6.Qd2 Bg7 7.Ne2 a6 8.a4 e5 9.
d5 h5 10.g3 Rb8 11.Bh3 Nb6 12.Bxc8 Rxc8 13.b3 Nbd7 14.Na3 Rb8 15.Nc4 Qc7 
16.O-O O-O 17.a5 Kh7 18.Nc1 Ng8 19.g4 hxg4 20.fxg4 Bh6 21.g5 Bg7 22.Rf3 
Ne7 23.Qf2 f5 24.gxf6 Nxf6 25.Ne2 Nh5 26.Rf1 Rxf3 27.Qxf3 Rf8 28.Qh3 Qc8 
29.Qg2 Rxf1+ 30.Kxf1 Qf8+ 31.Ke1 Nf4 32.Qg4 Nxe2 33.Kxe2 Bh6 34.Qh3 Ng8 
35.Qd7+ Bg7 36.Nxd6 Nf6 37.Qe6 Nh5 38.Nf7 Nf4+ 39.Bxf4 exf4 40.Ng5+ Kh8 
41.Qxg6 f3+ 42.Kf1 1-0

[Event "XII Open A"]
[Site "Verona ITA"]
[Date "2006.01.03"]
[Round "3"]
[White "Rombaldoni, Denis"]
[Black "Opacic, Alexandar"]
[Result "1-0"]
[WhiteElo "2292"]
[BlackElo "2104"]
[PlyCount "85"]
[EventDate "2006.01.02"]

1.d4 d5 2.c4 e6 3.Nf3 Nf6 4.Nc3 Nbd7 5.Qc2 Bb4 6.Bg5 h6 7.Bh4 c6 8.e3 O-O 
9.Bd3 a6 10.cxd5 exd5 11.g4 Qa5 12.g5 Ne4 13.gxh6 Ndf6 14.Rg1 Bxc3+ 15.
bxc3 Nh5 16.hxg7 Re8 17.Bxe4 Rxe4 18.Ng5 Bf5 19.Nxe4 Bxe4 20.Qb2 Re8 21.
Kd2 b5 22.Qb4 Qc7 23.Bg3 Qd7 24.Qd6 Qf5 25.Qxc6 Rc8 26.Qh6 f6 27.Qh8+ Kf7 
28.Bf4 Rg8 29.Rg5 fxg5 30.Qxh5+ Kf6 31.Qh6+ Kf7 32.Qxg5 Rxg7 33.Qxf5+ Bxf5
34.h4 Ke6 35.a4 Rb7 36.axb5 axb5 37.Ra6+ Kf7 38.Be5 Be4 39.f3 Bh7 40.h5 b4
41.cxb4 Bb1 42.Kc3 Bh7 43.b5 1-0

[Event "XII Open A"]
[Site "Verona ITA"]
[Date "2006.01.03"]
[Round "3"]
[White "Rotstein, Arkadij"]
[Black "Scharrer, Patrick"]
[Result "1-0"]
[WhiteElo "2520"]
[BlackElo "2179"]
[PlyCount "67"]
[EventDate "2006.01.02"]

1.c4 g6 2.g3 Bg7 3.Bg2 d6 4.Nf3 Nf6 5.Nc3 O-O 6.O-O e5 7.d3 Nh5 8.e4 Nc6 
9.Bg5 f6 10.Be3 f5 11.exf5 Bxf5 12.d4 exd4 13.Nxd4 Bd7 14.c5 dxc5 15.Nxc6 
Bxc6 16.Bxc6 bxc6 17.Bxc5 Re8 18.Qb3+ Kh8 19.Rad1 Qg5 20.Bd4 Nf6 21.Qc4 c5
22.Bxc5 Ng4 23.Bd4 Ne5 24.Bxe5 Qxe5 25.Rd5 Qe6 26.Rfd1 c6 27.Rc5 Qxc4 28.
Rxc4 Bxc3 29.Rxc3 Re2 30.Rxc6 Rxb2 31.Rd7 Rxa2 32.Rcc7 Ra6 33.Rxh7+ Kg8 
34.h4 1-0

[Event "XII Open A"]
[Site "Verona ITA"]
[Date "2006.01.03"]
[Round "3"]
[White "Rowson, Jonathan"]
[Black "Ivanov, Mikhail M."]
[Result "1-0"]
[WhiteElo "2599"]
[BlackElo "2447"]
[PlyCount "71"]
[EventDate "2006.01.02"]

1.d4 Nf6 2.c4 d6 3.Nc3 e5 4.dxe5 dxe5 5.Qxd8+ Kxd8 6.Nf3 Nbd7 7.Rg1 h6 8.
g4 e4 9.g5 exf3 10.gxf6 Nxf6 11.exf3 c6 12.Be3 Be6 13.O-O-O+ Kc7 14.Bf4+ 
Kc8 15.Ne4 Nxe4 16.fxe4 g6 17.Be5 Rg8 18.f4 Bc5 19.Rg3 Re8 20.Bh3 Bxh3 21.
Rxh3 Rd8 22.Rxh6 Rxd1+ 23.Kxd1 Kd7 24.h4 Bf8 25.Rh7 Ke6 26.Ke2 b5 27.cxb5 
cxb5 28.h5 gxh5 29.Rxh5 b4 30.Bd4 a5 31.Rh8 Rc8 32.f5+ Ke7 33.Kd3 Rd8 34.
e5 a4 35.Kc4 Rd7 36.Bc5+ 1-0

[Event "XII Open A"]
[Site "Verona ITA"]
[Date "2006.01.03"]
[Round "3"]
[White "Sciortino, Massimo"]
[Black "Rombaldoni, Axel"]
[Result "0-1"]
[WhiteElo "2260"]
[BlackElo "2123"]
[PlyCount "108"]
[EventDate "2006.01.02"]

1.e4 c5 2.Nc3 Nc6 3.g3 d6 4.Bg2 g6 5.d3 Bg7 6.Be3 e5 7.Qd2 Nge7 8.Nge2 Nd4
9.O-O O-O 10.Rae1 Rb8 11.Nd1 Nxe2+ 12.Qxe2 Qa5 13.a3 b5 14.f4 b4 15.axb4 
Qxb4 16.c3 Qb5 17.g4 exf4 18.Bxf4 Rb6 19.Rf2 Ba6 20.Rf3 Nc6 21.Rh3 Ne5 22.
c4 Qd7 23.g5 Rb3 24.Nc3 Rfb8 25.Bc1 Ng4 26.Rf1 Bd4+ 27.Kh1 Ne5 28.Qe1 Qg4 
29.Rf4 Bxc3 30.bxc3 Qxg5 31.Rxf7 Nxf7 32.Bxg5 Nxg5 33.Qh4 Rb1+ 34.Bf1 Nxh3
35.Qxh3 Rf8 36.Qe6+ Kg7 37.Qxd6 Rbxf1+ 38.Kg2 Bc8 39.Qc7+ Kh6 40.Qxc5 
R8f2+ 41.Qxf2 Rxf2+ 42.Kxf2 Kg5 43.Ke3 Kf6 44.c5 a5 45.d4 a4 46.Kd3 a3 47.
Kc2 g5 48.c4 g4 49.c6 h5 50.d5 h4 51.c5 g3 52.hxg3 hxg3 53.e5+ Kxe5 54.d6 
Ke6 0-1

[Event "XII Open A"]
[Site "Verona ITA"]
[Date "2006.01.03"]
[Round "3"]
[White "Shytaj, Luca"]
[Black "Guido, Flavio"]
[Result "1/2-1/2"]
[WhiteElo "2425"]
[BlackElo "2305"]
[PlyCount "82"]
[EventDate "2006.01.02"]

1.e4 c5 2.Nf3 e6 3.d4 cxd4 4.Nxd4 Nf6 5.Nc3 d6 6.g4 Nc6 7.g5 Nd7 8.Be3 a6 
9.h4 Qc7 10.Qh5 Nxd4 11.Bxd4 b5 12.a3 Ne5 13.f4 Nc6 14.Be3 b4 15.axb4 Nxb4
16.Rh2 g6 17.Qd1 Bg7 18.Rd2 O-O 19.Na4 d5 20.e5 a5 21.Ra3 Ba6 22.Rc3 Qb8 
23.Bxa6 Rxa6 24.Nc5 Ra7 25.Nb3 Ra8 26.Nd4 Rc8 27.Rxc8+ Qxc8 28.h5 a4 29.
hxg6 hxg6 30.Nb5 Qc4 31.Nd6 Qc6 32.Bd4 a3 33.bxa3 Rxa3 34.Kf2 Qa6 35.Qe2 
Bf8 36.Qxa6 Rxa6 37.c4 dxc4 38.Nxc4 Nd5 39.Kf3 Ra4 40.Ne3 Ra3 41.Ke4 Nxe3 
1/2-1/2

[Event "XII Open A"]
[Site "Verona ITA"]
[Date "2006.01.03"]
[Round "3"]
[White "Trabert, Bettina"]
[Black "Vianello, Enrico"]
[Result "1-0"]
[WhiteElo "2276"]
[BlackElo "2087"]
[PlyCount "108"]
[EventDate "2006.01.02"]

1.e4 c5 2.Nf3 Nc6 3.d4 cxd4 4.Nxd4 Nf6 5.Nc3 e5 6.Ndb5 d6 7.Bg5 a6 8.Na3 
b5 9.Nd5 Be7 10.Bxf6 Bxf6 11.c3 Ne7 12.Nxf6+ gxf6 13.Nc2 Bb7 14.Qd3 d5 15.
exd5 Qxd5 16.Qxd5 Nxd5 17.a4 Ke7 18.f3 Bc6 19.axb5 axb5 20.Rxa8 Rxa8 21.
Kd2 Rd8 22.Kc1 f5 23.g3 f4 24.Be2 h5 25.Re1 Rg8 26.g4 hxg4 27.fxg4 Nc7 28.
Nb4 Bg2 29.Bxb5 Kf6 30.Bc6 Rxg4 31.Bxg2 Rxg2 32.Nd3 f3 33.Kd1 Ne6 34.b4 e4
35.Rxe4 Rxh2 36.Ke1 Ng5 37.Rf4+ Ke6 38.b5 Rh1+ 39.Kd2 Rb1 40.c4 f5 41.Kc2 
Ra1 42.b6 Ra8 43.c5 Rb8 44.Kb3 Ne4 45.Kb4 Nf6 46.Rxf3 Nd5+ 47.Kb5 Ne7 48.
c6 Nc8 49.b7 Nd6+ 50.Kb6 Kd5 51.Kc7 Rf8 52.b8=Q Rxb8 53.Kxb8 Kxc6 54.Nf4 
Kc5 1-0

[Event "XII Open A"]
[Site "Verona ITA"]
[Date "2006.01.04"]
[Round "4"]
[White "Arlandi, Ennio"]
[Black "Skembris, Spyridon"]
[Result "1/2-1/2"]
[WhiteElo "2458"]
[BlackElo "2451"]
[PlyCount "38"]
[EventDate "2006.01.02"]

1.d4 d5 2.c4 c6 3.Nf3 Nf6 4.e3 g6 5.Nc3 Bg7 6.Be2 O-O 7.O-O Nbd7 8.cxd5 
cxd5 9.Qb3 e6 10.Bd2 Ne4 11.Rfc1 Nxd2 12.Nxd2 a6 13.Qa3 Re8 14.Nf3 Bf8 15.
Qa4 b5 16.Qd1 Bb7 17.a4 b4 18.Nb1 Qa5 19.Nbd2 Rac8 1/2-1/2

[Event "XII Open A"]
[Site "Verona ITA"]
[Date "2006.01.04"]
[Round "4"]
[White "Astengo, Corrado"]
[Black "Opacic, Alexandar"]
[Result "1-0"]
[WhiteElo "2121"]
[BlackElo "2104"]
[PlyCount "73"]
[EventDate "2006.01.02"]

1.e4 c5 2.Nf3 e6 3.d4 cxd4 4.Nxd4 a6 5.Nc3 Nc6 6.Be3 Qc7 7.Bd3 Nf6 8.Qe2 
b5 9.O-O Bb7 10.f4 Nxd4 11.Bxd4 Bc5 12.Bxc5 Qxc5+ 13.Kh1 b4 14.Nd1 d5 15.
e5 Ne4 16.Nf2 Nxf2+ 17.Qxf2 Qxf2 18.Rxf2 O-O 19.Kg1 a5 20.a3 Rfc8 21.g3 
Kf8 22.Rd2 Ke7 23.Kf2 Kd7 24.Ke3 Kc7 25.axb4 axb4 26.Rxa8 Bxa8 27.Rd1 Bc6 
28.Ra1 Ra8 29.Rxa8 Bxa8 30.Bxh7 Bc6 31.Bd3 Kb6 32.Kd4 Be8 33.h4 f5 34.exf6
gxf6 35.g4 Kc6 36.g5 f5 37.Ke5 1-0

[Event "XII Open A"]
[Site "Verona ITA"]
[Date "2006.01.04"]
[Round "4"]
[White "Barberi, Alessandro"]
[Black "Miatello, Alberto"]
[Result "1-0"]
[WhiteElo "2113"]
[BlackElo "2077"]
[PlyCount "57"]
[EventDate "2006.01.02"]

1.d4 Nf6 2.Nf3 g6 3.b3 Bg7 4.Bb2 O-O 5.Nbd2 c5 6.e3 cxd4 7.exd4 d5 8.Bd3 
Nc6 9.a3 Nh5 10.g3 Qb6 11.c3 e5 12.dxe5 Nxe5 13.Nxe5 Bxe5 14.O-O Bh3 15.
Re1 Qf6 16.Bf1 Be6 17.Re3 Qg7 18.Nf3 Bf6 19.Nd4 Bd7 20.Bg2 Rfd8 21.Bxd5 
Bc6 22.Bf3 Bxf3 23.Qxf3 Bg5 24.Re2 Rd7 25.h4 Bh6 26.g4 Nf4 27.Re4 g5 28.
hxg5 Qxg5 29.Bc1 1-0

[Event "XII Open A"]
[Site "Verona ITA"]
[Date "2006.01.04"]
[Round "4"]
[White "Bertani, Gianfranco"]
[Black "Fuggetta, Leonardo"]
[Result "1/2-1/2"]
[WhiteElo "2116"]
[BlackElo "2069"]
[PlyCount "159"]
[EventDate "2006.01.02"]

1.Nf3 Nf6 2.b3 c5 3.Bb2 Nc6 4.e3 e6 5.Bb5 Be7 6.O-O O-O 7.a4 a6 8.Bxc6 
bxc6 9.d3 d6 10.e4 e5 11.h3 g6 12.Kh2 Nh5 13.g3 Qe8 14.Nbd2 f5 15.Nc4 Be6 
16.Bc1 Bxc4 17.bxc4 fxe4 18.dxe4 Qf7 19.Nd2 Rab8 20.Ra3 Bg5 21.Qe2 Rb4 22.
Rd3 Qe7 23.Ra3 Qe6 24.Qg4 Qxg4 25.hxg4 Nf6 26.f4 exf4 27.gxf4 Bh4 28.Kh3 
g5 29.e5 dxe5 30.fxe5 Nd7 31.e6 Rxf1 32.Nxf1 Nf6 33.e7 Kf7 34.Re3 Rxc4 35.
Bb2 Ne8 36.Re2 Rf4 37.Nh2 Rf2 38.Re3 Rxc2 39.Ba3 Bf2 40.Rf3+ Ke6 41.Nf1 
Kxe7 42.Ne3 Bxe3 43.Rxe3+ Kf7 44.Rb3 Nf6 45.Bb2 Rc4 46.Rb7+ Ke6 47.Rc7 Kd6
48.Rg7 Nxg4 49.Rxg5 Nf2+ 50.Kh2 Ne4 51.Be5+ Ke6 52.Rh5 Rc2+ 53.Kg1 c4 54.
Bb8 c3 55.Re5+ Kf6 56.Rxe4 Rc1+ 57.Kf2 c2 58.Bf4 Ra1 59.Rc4 Kf5 60.Bd2 Ra2
61.Ke1 Ra1+ 62.Ke2 h5 63.a5 h4 64.Rxc2 h3 65.Rc5+ Kg4 66.Rc4+ Kh5 67.Bf4 
Rxa5 68.Kf3 Ra3+ 69.Kf2 Ra2+ 70.Kg1 Rg2+ 71.Kh1 Kg4 72.Bh2+ Kf5 73.Rxc6 
Ra2 74.Rc3 Kg4 75.Rg3+ Kh4 76.Rg7 Ra1+ 77.Bg1 a5 78.Rg8 a4 79.Kh2 Ra2+ 80.
Bf2+ 1/2-1/2

[Event "XII Open A"]
[Site "Verona ITA"]
[Date "2006.01.04"]
[Round "4"]
[White "Borgo, Giulio"]
[Black "Popa, Florin"]
[Result "1-0"]
[WhiteElo "2418"]
[BlackElo "2206"]
[PlyCount "103"]
[EventDate "2006.01.02"]

1.e4 e5 2.Nf3 Nc6 3.Bb5 g6 4.c3 d6 5.d4 Bd7 6.O-O Bg7 7.dxe5 dxe5 8.Qe2 
Qe7 9.a4 Nf6 10.Na3 a6 11.Bc4 h6 12.Nc2 Nh5 13.Ne3 Nf4 14.Qc2 O-O 15.Re1 
Rae8 16.b3 Na5 17.Ba3 c5 18.Nd5 Qd6 19.Nd2 Qc6 20.Rad1 Be6 21.Nxf4 Nxc4 
22.Nxe6 Nxa3 23.Qc1 Rxe6 24.Qxa3 b5 25.axb5 axb5 26.Nf1 f5 27.Rd5 Rc8 28.
c4 f4 29.cxb5 Qxb5 30.Nd2 Ra6 31.Qc1 Ra2 32.h3 Kh7 33.Qc3 Rc7 34.Nc4 Ra8 
35.Red1 Rb8 36.R1d3 Qe8 37.Kf1 Qb5 38.Ke2 Qe8 39.Qa5 Rcb7 40.Nd6 Ra8 41.
Qd2 Qc6 42.Nxb7 Qxb7 43.Kf3 Ra3 44.Rd7 Qb5 45.Qc3 Kh8 46.Rxg7 Kxg7 47.
Qxe5+ Kf7 48.Qc7+ Kf6 49.Qxf4+ Kg7 50.Qc7+ Kf6 51.Rd6+ Kg5 52.Qe7+ 1-0

[Event "XII Open A"]
[Site "Verona ITA"]
[Date "2006.01.04"]
[Round "4"]
[White "Brunello, Sabino"]
[Black "Naumkin, Igor"]
[Result "1/2-1/2"]
[WhiteElo "2301"]
[BlackElo "2456"]
[PlyCount "66"]
[EventDate "2006.01.02"]

1.e4 e5 2.Nf3 Nc6 3.d4 exd4 4.Nxd4 Bc5 5.Be3 Qf6 6.c3 Nge7 7.Bc4 Ne5 8.Be2
Qg6 9.O-O d6 10.f4 Qxe4 11.Bf2 Bxd4 12.cxd4 N5g6 13.g3 O-O 14.Nc3 Qf5 15.
d5 Qd7 16.h4 h6 17.h5 Nh8 18.Re1 Qd8 19.g4 f5 20.Bh4 g5 21.fxg5 hxg5 22.
Bxg5 Nf7 23.Bf4 fxg4 24.Bd3 Ne5 25.Bxe5 dxe5 26.Rxe5 Bf5 27.Qd2 Bxd3 28.
Qxd3 Qd6 29.Rg5+ Kh8 30.Qd4+ Qf6 31.Qxf6+ Rxf6 32.Re1 Rf5 33.Rxg4 Nxd5 
1/2-1/2

[Event "XII Open A"]
[Site "Verona ITA"]
[Date "2006.01.04"]
[Round "4"]
[White "Capitelli, Paolo"]
[Black "Danieli, Enrico"]
[Result "1-0"]
[WhiteElo "2158"]
[BlackElo "2164"]
[PlyCount "131"]
[EventDate "2006.01.02"]

1.e4 d5 2.exd5 Nf6 3.c4 e6 4.d4 exd5 5.Nf3 Nc6 6.c5 g6 7.Bd3 Bg7 8.Nc3 O-O
9.O-O Re8 10.h3 Ne4 11.Be3 Nb4 12.Bb1 b6 13.cxb6 axb6 14.Qb3 Nxc3 15.Qxc3 
c5 16.Qd2 Na6 17.a3 c4 18.Bc2 Nc7 19.Ne5 Ne6 20.f4 f5 21.Qf2 Bxe5 22.fxe5 
Rf8 23.Qd2 Ba6 24.Rfe1 f4 25.Bf2 f3 26.g3 Ra7 27.h4 Raf7 28.Kh2 Qd7 29.a4 
Bc8 30.Rh1 Nf4 31.Kg1 c3 32.bxc3 Ba6 33.Qe3 Qe6 34.Rh2 Ne2+ 35.Kh1 Qg4 36.
Qg5 Qxg5 37.hxg5 Nxc3 38.Ra3 Rc7 39.Bb3 Bc4 40.Bc2 Ne4 41.Bxe4 dxe4 42.Rc3
Rfc8 43.Be3 Bd5 44.Rxc7 Rxc7 45.Kg1 Rc3 46.Kf2 Ra3 47.g4 Rxa4 48.Kg3 Ra3 
49.Kf4 b5 50.Rb2 Ra5 51.Rc2 Ra7 52.Rc5 Rf7+ 53.Kg3 Bc4 54.d5 Rd7 55.d6 Kf7
56.Kf4 Ke6 57.Kxe4 Be2 58.Rc8 Kf7 59.Rc7 Ke6 60.Rc8 Kf7 61.Kd5 Bc4+ 62.
Rxc4 bxc4 63.e6+ Ke8 64.exd7+ Kxd7 65.Kxc4 Kxd6 66.Kd4 1-0

[Event "XII Open A"]
[Site "Verona ITA"]
[Date "2006.01.04"]
[Round "4"]
[White "Dvirnyy, Danyyil"]
[Black "Facchetti, Gianni"]
[Result "1-0"]
[WhiteElo "2265"]
[BlackElo "2131"]
[PlyCount "85"]
[EventDate "2006.01.02"]

1.e4 e5 2.Nf3 Nc6 3.Bc4 Be7 4.d4 d6 5.h3 Nf6 6.Nc3 O-O 7.O-O Nxd4 8.Nxd4 
exd4 9.Qxd4 c6 10.a4 Qb6 11.Qd3 a5 12.Be3 Qc7 13.Rad1 Nd7 14.Ba2 Nc5 15.
Bxc5 dxc5 16.f4 b6 17.Bc4 Rd8 18.Qf3 Rd4 19.Rxd4 cxd4 20.Ne2 b5 21.axb5 
cxb5 22.Bd5 Rb8 23.Nxd4 Bc5 24.c3 b4 25.Kh1 Ba6 26.Rd1 bxc3 27.Qxc3 Qb6 
28.Nf5 Bf8 29.Qe5 Bb5 30.Ba2 Ba4 31.Rd6 Qa7 32.Ra6 Qxa6 33.Qxb8 Qf6 34.Qc8
g6 35.Nh6+ Kg7 36.Nxf7 Qxf4 37.Qc4 Be8 38.Nd8 Bd7 39.Qg8+ Kh6 40.Nf7+ Kh5 
41.Qxh7+ Qh6 42.Qxh6+ Bxh6 43.g4+ 1-0

[Event "XII Open A"]
[Site "Verona ITA"]
[Date "2006.01.04"]
[Round "4"]
[White "Frigieri, Fabrizio"]
[Black "Sciortino, Massimo"]
[Result "1-0"]
[WhiteElo "2096"]
[BlackElo "2260"]
[PlyCount "91"]
[EventDate "2006.01.02"]

1.e4 e5 2.Nf3 Nc6 3.Bb5 a6 4.Ba4 Nf6 5.O-O Be7 6.Re1 b5 7.Bb3 d6 8.c3 O-O 
9.h3 Nb8 10.d4 Nbd7 11.Nbd2 Bb7 12.Bc2 c5 13.Nf1 Qc7 14.Ng3 Rfc8 15.d5 c4 
16.Nf5 Bf8 17.Bg5 Ne8 18.Bd2 Nc5 19.Nh2 Rcb8 20.Kh1 Bc8 21.g4 a5 22.a3 Qd8
23.Qf3 Be7 24.Nxe7+ Qxe7 25.Nf1 Qh4 26.Ne3 g6 27.Rg1 Qf6 28.Qg3 Ng7 29.
Raf1 g5 30.Bc1 Bd7 31.Nf5 Bxf5 32.gxf5 h6 33.h4 gxh4 34.Qh3 Kh7 35.Rg4 Nh5
36.Rxh4 Nf4 37.Bxf4 exf4 38.f3 b4 39.Rf2 Rg8 40.Rh2 Rg3 41.Rxh6+ Kg7 42.
Qh5 Qg5 43.f6+ Qxf6 44.Rxf6 Kxf6 45.Qh4+ Kg7 46.Qh6+ 1-0

[Event "XII Open A"]
[Site "Verona ITA"]
[Date "2006.01.04"]
[Round "4"]
[White "Godena, Michele"]
[Black "Rowson, Jonathan"]
[Result "1-0"]
[WhiteElo "2505"]
[BlackElo "2599"]
[PlyCount "77"]
[EventDate "2006.01.02"]

1.e4 c5 2.Nf3 d6 3.Bc4 Nf6 4.d3 Nc6 5.Nbd2 g6 6.O-O Bg7 7.c3 O-O 8.Bb3 b5 
9.Re1 a5 10.a4 b4 11.Nf1 Ba6 12.Bg5 Nd7 13.Bd5 Rc8 14.Bxc6 Rxc6 15.Qd2 
bxc3 16.bxc3 Ne5 17.Nxe5 dxe5 18.c4 Rd6 19.Qc2 f6 20.Be3 Rxd3 21.Bxc5 Rd7 
22.Ne3 Qc7 23.Ba3 Rfd8 24.Nd5 Qa7 25.c5 e6 26.c6 Rf7 27.c7 Rc8 28.Bc5 Qb7 
29.Rab1 exd5 30.Rxb7 Bxb7 31.Bb6 d4 32.Bxa5 Re8 33.Rb1 Bc8 34.Rb8 Kh8 35.
Qc4 Rff8 36.Bb4 Rg8 37.a5 Bf8 38.Bxf8 Rexf8 39.a6 1-0

[Event "XII Open A"]
[Site "Verona ITA"]
[Date "2006.01.04"]
[Round "4"]
[White "Guido, Flavio"]
[Black "Estremera Panos, Sergio"]
[Result "1/2-1/2"]
[WhiteElo "2305"]
[BlackElo "2361"]
[PlyCount "56"]
[EventDate "2006.01.02"]

1.e4 e5 2.Nf3 Nc6 3.Bc4 Nf6 4.d3 Bc5 5.c3 a6 6.Bb3 O-O 7.O-O d6 8.Nbd2 Ba7
9.h3 h6 10.Re1 Nh5 11.Nf1 Qf6 12.Ne3 Nf4 13.Nd5 Nxd5 14.Bxd5 Ne7 15.Bb3 
Qg6 16.Kf1 Kh8 17.d4 f5 18.Bc2 exd4 19.Nxd4 Qf6 20.exf5 Nxf5 21.Bxf5 Bxf5 
22.Be3 Bd7 23.Qh5 Rae8 24.Kg1 Re5 25.Qf3 Bxd4 26.Qxf6 Rxf6 27.Bxd4 Rxe1+ 
28.Rxe1 Re6 1/2-1/2

[Event "XII Open A"]
[Site "Verona ITA"]
[Date "2006.01.04"]
[Round "4"]
[White "Ivanov, Mikhail M."]
[Black "Rombaldoni, Denis"]
[Result "1/2-1/2"]
[WhiteElo "2447"]
[BlackElo "2292"]
[PlyCount "73"]
[EventDate "2006.01.02"]

1.Nf3 Nf6 2.g3 d5 3.Bg2 c5 4.O-O Nc6 5.d4 e6 6.c4 dxc4 7.dxc5 Qxd1 8.Rxd1 
Bxc5 9.Nbd2 c3 10.bxc3 O-O 11.Nb3 Be7 12.Nfd4 Rd8 13.Bg5 Bd7 14.Rab1 Rac8 
15.Nb5 Be8 16.Rxd8 Nxd8 17.Nxa7 Rxc3 18.Rd1 Kf8 19.Be3 Rc2 20.Rd2 Rxd2 21.
Bxd2 Bd7 22.Ba5 Ke8 23.Bb6 Nd5 24.Bd4 f6 25.e3 Nb4 26.Na5 Nxa2 27.Nxb7 
Nxb7 28.Bxb7 Nb4 29.Nc8 Bxc8 30.Bxc8 Kf7 31.e4 Nd3 32.Ba6 Bc5 33.Bxd3 Bxd4
34.Kg2 g5 35.f3 Kg7 36.h3 h6 37.Kf1 1/2-1/2

[Event "XII Open A"]
[Site "Verona ITA"]
[Date "2006.01.04"]
[Round "4"]
[White "Lazic, Miroljub"]
[Black "Trabert, Bettina"]
[Result "1-0"]
[WhiteElo "2466"]
[BlackElo "2276"]
[PlyCount "77"]
[EventDate "2006.01.02"]

1.Nf3 d5 2.d4 c6 3.Bf4 Bf5 4.e3 e6 5.Nbd2 Nf6 6.Be2 h6 7.O-O Be7 8.c4 Nbd7
9.h3 O-O 10.Qb3 Qb6 11.c5 Qxb3 12.axb3 Ne4 13.b4 Nxd2 14.Nxd2 a6 15.Nb3 
Rfe8 16.Na5 Ra7 17.b5 cxb5 18.c6 bxc6 19.Nxc6 Rb7 20.Rxa6 Bf8 21.g4 Bg6 
22.Rc1 f6 23.Na5 Rb6 24.Rxb6 Nxb6 25.Bxb5 Ra8 26.Rc6 Rxa5 27.Rxb6 Be4 28.
f3 g5 29.Bxg5 fxg5 30.fxe4 dxe4 31.Bc4 Kg7 32.Bxe6 Ra1+ 33.Kf2 Rh1 34.Rb5 
Kf6 35.Rf5+ Kxe6 36.Rxf8 Rh2+ 37.Kg3 Rxb2 38.Re8+ Kd5 39.Re5+ 1-0

[Event "XII Open A"]
[Site "Verona ITA"]
[Date "2006.01.04"]
[Round "4"]
[White "Lettieri, Giuseppe"]
[Black "Shytaj, Luca"]
[Result "0-1"]
[WhiteElo "2260"]
[BlackElo "2425"]
[PlyCount "118"]
[EventDate "2006.01.02"]

1.d4 Nf6 2.c4 e6 3.Nf3 b6 4.g3 Bb7 5.Bg2 Bb4+ 6.Bd2 a5 7.O-O O-O 8.Bg5 Be7
9.Nc3 Ne4 10.Bxe7 Qxe7 11.Qc2 Nxc3 12.bxc3 f5 13.Nd2 Bxg2 14.Kxg2 e5 15.e3
d6 16.f3 Nd7 17.Rae1 g6 18.Nb3 Nf6 19.Nc1 e4 20.Ne2 exf3+ 21.Rxf3 Qe4 22.
Qxe4 Nxe4 23.Rd1 a4 24.a3 Rab8 25.Nf4 Nxc3 26.Rd3 Ne4 27.Ne6 b5 28.c5 dxc5
29.dxc5 Rfd8 30.Rd4 Nxc5 31.Nxc7 Rdc8 32.Nd5 Kg7 33.Nc3 Rb7 34.e4 Nxe4 35.
Nxe4 fxe4 36.Rxe4 Rc2+ 37.Rf2 Rc3 38.Rb2 Rxa3 39.Reb4 Rb3 40.R2xb3 axb3 
41.Rxb3 Kf6 42.Kf3 Ke5 43.Ke3 b4 44.Kd3 Kd5 45.Ke2 Ke4 46.Kd2 Rb6 47.Re3+ 
Kf5 48.Rf3+ Ke5 49.Rf7 b3 50.Kc1 b2+ 51.Kb1 h5 52.Rf2 Ke4 53.Rf4+ Ke3 54.
Rh4 Kf3 55.Rf4+ Kg2 56.g4 h4 57.g5 h3 58.Rf6 Rb5 59.Rxg6 Kxh2 0-1

[Event "XII Open A"]
[Site "Verona ITA"]
[Date "2006.01.04"]
[Round "4"]
[White "Mrdja, Milan"]
[Black "Rotstein, Arkadij"]
[Result "1-0"]
[WhiteElo "2332"]
[BlackElo "2520"]
[PlyCount "97"]
[EventDate "2006.01.02"]

1.e4 c5 2.Nf3 e6 3.d4 cxd4 4.Nxd4 Nc6 5.c4 Nf6 6.Nc3 Bb4 7.Nxc6 bxc6 8.Qd3
e5 9.Be2 O-O 10.O-O Qe7 11.Rd1 Bc5 12.Be3 Rd8 13.Bxc5 Qxc5 14.b3 Ba6 15.
Qd6 Qxd6 16.Rxd6 Kf8 17.Rad1 Ke7 18.f3 Ne8 19.R6d2 Nc7 20.Kf2 Ne6 21.Ke3 
d6 22.g3 g5 23.b4 Nd4 24.Bf1 Rab8 25.Rb1 Bc8 26.b5 Be6 27.Rdb2 Rdc8 28.
bxc6 Rxb2 29.Rxb2 Nxc6 30.Rb7+ Kf6 31.Nd5+ Bxd5 32.exd5 Nd4 33.Rxa7 Rb8 
34.Bd3 Rb2 35.Rd7 Rxh2 36.Rxd6+ Kg7 37.Ra6 h5 38.c5 Nc2+ 39.Bxc2 Rxc2 40.
c6 h4 41.gxh4 gxh4 42.d6 h3 43.d7 h2 44.d8=Q h1=Q 45.Qg5+ Kh7 46.Qf5+ Kg7 
47.Qxe5+ f6 48.Ra7+ Kg6 49.Qe4+ 1-0